000 00365nam a2200145Ia 4500
008 150201s2007 xx 000 0 und d
082 _a612.015
_bH2007M
100 _aMCPHERSON,RICHARD
245 _aHENRYS CLINICAL DIAGNOSIS & MANAGEMENT
250 _a21TH
260 _bELSEVIER
_aDELHI
_c2007
300 _a1-1480
650 _aBIOCHEMISTRY
942 _2ddc
_cBK
_01
999 _c3704
_d3704